| 000 | 00507nam a22001577a 4500 | ||
|---|---|---|---|
| 003 | OSt | ||
| 005 | 20240307073949.0 | ||
| 008 | 201009b 2014 dr a 00| 0 eng d | ||
| 040 |
_aDO-SdBNP _bspa _cBNPHU |
||
| 245 | 0 | 0 |
_aÉbola : _brealidad y perspectiva / _cprólogo ; Mejía, Wilson |
| 260 |
_aSanto Domingo : _bUASD, _c2014. |
||
| 300 |
_a144 p. : _bil., mapas, retrs. , _c22 cm. |
||
| 700 | 1 |
_aMejía, Wilson, _eprólogo _920075 |
|
| 710 | 1 |
_aUniversidad Autónoma de Santo Domingo _972951 |
|
| 942 |
_2ddc _cLF1 |
||
| 999 |
_c48857 _d48857 |
||